| 000 | 00832cam a2200253 a 4500 | ||
|---|---|---|---|
| 001 | 1272 | ||
| 003 | BD-RjUL | ||
| 005 | 20211208233315.0 | ||
| 008 | 131125r19671958njua b 001 0 eng d | ||
| 035 | _a(BD-RjUL)1294 | ||
| 040 |
_aDLC _cWSU _dOCL _dCHS _dSER _dm.c _dEUX _dBD-RjUL _beng |
||
| 041 | _aeng | ||
| 082 |
_a152.7082 _216 _bREA 1967 |
||
| 245 | 0 | 0 |
_aReadings in perception / _cselected and edited by David C. Beardslee and Michael Wertheimer. |
| 260 |
_aPrinceton, N.J. ; _aLondon : _bVan Nostrand, _cc1958. |
||
| 300 |
_axiii, 751 p. : _bill., tables ; _c22 cm. |
||
| 650 | 0 |
_aPerception. _93755 |
|
| 700 | 1 |
_aBeardslee, David C. _q(David Cromwell), _d1925- _93756 |
|
| 700 | 1 |
_aWertheimer, Michael. _93757 |
|
| 830 | 0 |
_aUniversity series in psychology _93758 |
|
| 942 |
_2ddc _cBK |
||
| 999 |
_c1272 _d1272 |
||